[Event "Eastern Idaho Open"]
[Site "Pocatello, ID"]
[Date "2019.09.14"]
[Round "3.3"]
[White "Owen, Gary"]
[Black "Su, Darren"]
[Result "1-0"]
[WhiteElo "1556"]
[BlackElo "825"]
[EventType "swiss"]
[EventRounds "4"]
[EventCountry "USA"]

1. b3 e5 2. Bb2 Nc6 3. g3 b6 4. Bg2 Bb7 5. Bxe5 Nxe5 6. Bxb7 Rb8 7. Bg2 Nf6 8.
d3 Bc5 9. Nf3 Ng6 10. O-O O-O 11. Nbd2 Re8 12. e4 d5 13. Re1 dxe4 14. Nxe4
Nxe4 15. dxe4 Bb4 16. Re2 Bc3 17. Rb1 Ne5 18. Nxe5 Bxe5 19. c4 c5 20. Qd5 Qxd5
21. exd5 Rbd8 22. Rbe1 f6 23. Kh1 Kf7 24. f4 Bd4 25. Rxe8 Rxe8 26. Rxe8 Kxe8
27. Bh3 g6 28. Be6 f5 29. Kg2 Ke7 30. h3 h5 31. Kf3 Kf6 32. a3 a5 33. g4 hxg4+
34. hxg4 fxg4+ 35. Kxg4 Bb2 36. a4 Bc1 37. Bc8 g5 38. f5 Bf4 39. Bd7 Bd6 40.
Kh5 Bf8 41. Kg4 Bd6 42. Kf3 Be5 43. Kg4 Bd6 44. Be8 Be7 45. Bg6 Bd6 46. Kf3
Be5 47. Ke4 Bd6 48. Bh5 Be5 49. Bg4 Bd6 50. Bh3 Be5 51. d6 Bxd6 52. Kd5 Bc7
53. Kc6 Be5 54. Kxb6 Bc3 55. Kxc5 Ke7 56. Kc6 Kd8 57. c5 Kc8 58. f6+ {#r} 1-0

[Event "Eastern Idaho Open"]
[Site "Pocatello, ID"]
[Date "2019.09.14"]
[Round "3.2"]
[White "Morrow, Hans"]
[Black "Ang, Ching-E Nobel"]
[Result "0-1"]
[WhiteElo "1900"]
[BlackElo "1377"]
[EventType "swiss"]
[EventRounds "4"]
[EventCountry "USA"]

1. d4 d5 2. c4 c6 3. Nc3 Nf6 4. Nf3 e6 5. cxd5 exd5 6. Bg5 Be7 7. e3 O-O 8.
Bd3 Nbd7 9. Qc2 h6 10. Bh4 b6 11. h3 Bb7 12. a3 Rc8 13. O-O c5 14. Bf5 Ne4 15.
Bxe7 Qxe7 16. Rad1 g6 17. Bxd7 Qxd7 18. Nh2 cxd4 19. exd4 Ba6 20. Rfe1 Qf5 21.
Re3 Rfe8 22. g4 Qg5 23. Nf3 Qd8 24. Qa4 Nxc3 25. Rxe8+ Qxe8 26. Qxe8+ Rxe8 27.
bxc3 Re2 28. Nd2 Bb5 29. Nb1 Ba4 30. Rc1 Rb2 31. c4 dxc4 32. Nc3 Rc2 33. Rxc2
Bxc2 34. d5 Kf8 35. f3 Ke7 36. Kf2 Kd6 37. Ke3 Kc5 38. h4 a6 39. f4 b5 40. f5
gxf5 41. gxf5 Bxf5 42. Kf4 Bc8 43. Ke5 f5 44. d6 a5 45. Nd5 b4 46. axb4+ axb4
47. Nf6 b3 48. d7 Bxd7 49. Nxd7+ Kb4 50. Kd4 b2 51. Nb6 b1=Q 52. Nd5+ Kb3 {#R}
0-1

[Event "Eastern Idaho Open"]
[Site "Pocatello, ID"]
[Date "2019.09.14"]
[Round "3.1"]
[White "Derryberry, DeWayne"]
[Black "Companyo Pagerols, Josep Maria"]
[Result "0-1"]
[WhiteElo "1639"]
[BlackElo "2058"]
[EventType "swiss"]
[EventRounds "4"]
[EventCountry "USA"]

1. d4 e6 2. Nf3 f5 3. c4 Nf6 4. g3 Bb4+ 5. Nbd2 O-O 6. Bg2 Qe8 7. O-O Bxd2 8.
Nxd2 Nc6 9. e3 d6 10. b3 e5 11. dxe5 dxe5 12. Nf3 e4 13. Nd4 Ne5 14. Qe2 Qg6
15. Rd1 h5 16. h4 Nd3 17. Rxd3 exd3 18. Qxd3 Rd8 19. Qc2 c6 20. Bb2 Ne4 21.
Rd1 Be6 22. Nxe6 Qxe6 23. Bf1 Qe7 24. c5 Qxc5 25. Bc4+ Kh7 26. Bd4 Qf8 27. Kg2
c5 28. Be5 Rxd1 29. Qxd1 Qe8 30. Qa1 Qd7 {#R} 0-1

[Event "Eastern Idaho Open"]
[Site "Pocatello, ID"]
[Date "2019.09.14"]
[Round "2.5"]
[White "Wang, Leonardo"]
[Black "Ang, Ching-E Nobel"]
[Result "0-1"]
[WhiteElo "833"]
[BlackElo "1377"]
[EventType "swiss"]
[EventRounds "4"]
[EventCountry "USA"]

1. d4 d5 2. Bf4 Nf6 3. e3 e6 4. Bd3 Bd6 5. Bg3 Bxg3 6. hxg3 h6 7. c3 Nbd7 8.
Nd2 c5 9. g4 e5 10. g5 Ne4 11. Nxe4 dxe4 12. Bxe4 Qxg5 13. Rh5 Qe7 14. Rh1
exd4 15. Qd3 Nf6 16. Bf3 dxe3 17. fxe3 Be6 18. Ne2 O-O 19. Nf4 c4 20. Qe2 Rfd8
21. Nxe6 Qxe6 22. Bxb7 Rab8 23. Ba6 Qxa6 {Now, White makes an illegal move.
Since the rook has already moved earlier, castling with the king's rook is not
possible. The game continued: 24.0-0 Rd3 25.b3 Qb6 26.bxc4 Qxe3+ 27.Qxe3 Rxe3
28.Rf3 Rxf3 29.gxf3 Rb2 30.Kf1 Rc2 31.Ke1 Rxc3 32.Kd2 Rxf3 33.Rc1 Rf2+ 34.Kd3
Rxa2 35.c5 Ne8 36.c6 Nc7 37.Kd4 Rd2+ 38.Kc5 Rd5+ 39.Kb4 Rb5+ 40.Ka4 Rb6 41.Ka5
f5 42.Rf1 g6 43.Rh1 Kg7 44.Rg1 Rxc6 45.Kb4 Ne6 46.Kb5 Nd4+ 47.Ka5 Ne2 48.Ra1
Rc7 49.Kb5 f4 50.Re1 f3 51.Rf1 Rf7 52.Re1 f2 53.Rf1 Ng3 54.Rb1 Rb7+ 55.Kc4
Rxb1 56.Kd3 f1Q+ 57.Kc2 Qd1+ 58.Kc3 Rc1+ 59.Kb2 Qd2+ 60.Kb3 Rc3+ 61.Kb4 Qb2+
62.Ka4 Ra3#.--Jeff Roland.} 0-1

[Event "Eastern Idaho Open"]
[Site "Pocatello, ID"]
[Date "2019.09.14"]
[Round "2.4"]
[White "Gentillon, Randy"]
[Black "McKenzie, Niall"]
[Result "1-0"]
[WhiteElo "1516"]
[BlackElo "899"]
[EventType "swiss"]
[EventRounds "4"]
[EventCountry "USA"]

1. e4 e5 2. Nf3 Nc6 3. Bb5 d6 4. c3 Nf6 5. O-O Bd7 6. Re1 a6 7. Ba4 Be7 8. d4
exd4 9. cxd4 O-O 10. Bxc6 Bxc6 11. e5 Bxf3 12. Qxf3 Nd7 13. Qxb7 dxe5 14. dxe5
Nxe5 15. Qe4 Ng6 16. Nc3 Qd6 17. Bf4 Nxf4 18. Qxe7 Qc6 19. Qe4 Qxe4 20. Rxe4
Nd3 21. b3 Rfe8 22. Rd1 Rxe4 23. Nxe4 Ne5 24. g3 h6 25. f4 Nc6 26. Nc5 f6 27.
Rd7 Rd8 28. Rxd8+ Nxd8 29. Nxa6 c6 30. Nc5 Kf7 31. Kf2 Ke7 32. Ke3 Kd6 33. Kd4
g5 34. a4 Ne6+ 35. Nxe6 Kxe6 36. a5 Kd7 37. Kc5 Kc7 38. f5 g4 39. a6 h5 40. b4
Kb8 41. Kb6 c5 42. bxc5 Ka8 43. c6 {#r} 1-0

[Event "Eastern Idaho Open"]
[Site "Pocatello, ID"]
[Date "2019.09.14"]
[Round "2.3"]
[White "Belew, Finn"]
[Black "Su, Darren"]
[Result "1-0"]
[WhiteElo "1359"]
[BlackElo "825"]
[EventType "swiss"]
[EventRounds "4"]
[EventCountry "USA"]

1. c4 b5 2. cxb5 Bb7 3. Nc3 c6 4. bxc6 Nxc6 5. e4 e5 6. d3 Nf6 7. Nge2 Bc5 8.
Be3 Bxe3 9. fxe3 O-O 10. Nd5 Ne7 11. Nxf6+ gxf6 12. g3 Qa5+ 13. Qd2 Qxd2+ 14.
Kxd2 Rac8 15. Bh3 Rc7 16. Rhf1 Rfc8 17. Rac1 Rxc1 18. Rxc1 Rxc1 19. Nxc1 d5
20. exd5 Bxd5 21. e4 Be6 22. Bxe6 fxe6 23. Nb3 Nc6 24. Nc5 Kf7 25. Ke3 Nd4 26.
Nb3 Nxb3 27. axb3 Ke7 28. d4 exd4+ 29. Kxd4 Kd6 30. h3 f5 31. e5+ Kd7 32. Kc5
Kc7 33. b4 h5 34. h4 a6 35. b5 axb5 36. Kxb5 Kb7 37. b4 Kc7 38. Kc5 Kb7 39.
Kd6 Kc8 40. Kxe6 Kc7 41. Kxf5 Kd7 42. Kf6 Ke8 43. Ke6 Kf8 44. Kd7 Kg7 45. e6
Kf6 46. e7 Kf5 47. e8=Q Kg4 48. Qg6+ Kh3 49. b5 Kh2 50. b6 Kg2 51. b7 Kh3 52.
b8=R Kh2 53. Rb2+ Kh3 54. Qf5+ Kxg3 55. Rb3+ Kxh4 56. Qf4# 1-0

[Event "Eastern Idaho Open"]
[Site "Pocatello, ID"]
[Date "2019.09.14"]
[Round "2.2"]
[White "Derryberry, DeWayne"]
[Black "Morrow, Hans"]
[Result "1-0"]
[WhiteElo "1639"]
[BlackElo "1900"]
[EventType "swiss"]
[EventRounds "4"]
[EventCountry "USA"]

1. d4 Nf6 2. Nf3 d5 3. e3 Bg4 4. h3 Bh5 5. c4 c6 6. Qb3 Qb6 7. Nc3 dxc4 8.
Bxc4 Qxb3 9. Bxb3 Bxf3 10. gxf3 e6 11. e4 Nbd7 12. Be3 Be7 13. Rd1 O-O 14. O-O
b5 15. d5 exd5 16. exd5 b4 17. Ne4 cxd5 18. Bxd5 Nxd5 19. Rxd5 Nf6 20. Rd3 a5
21. b3 Rfd8 22. Rfd1 Rdc8 23. Nxf6+ Bxf6 24. Rd7 Rd8 25. Rxd8+ Rxd8 26. Rxd8+
Bxd8 27. Bc5 f5 28. Kf1 Kf7 29. Ke2 Ke6 30. Kd3 Kd5 31. Bd4 g5 32. Ba7 h5 33.
Bd4 g4 34. fxg4 fxg4 35. hxg4 h4 36. f4 h3 37. Bg1 Bc7 38. Bh2 Bd6 39. g5 Be7
40. Ke3 Bd8 41. g6 Bf6 42. Kf3 Bg7 43. f5 Bf6 44. Kg4 Ke4 45. Bc7 Bc3 46. Kxh3
Kxf5 47. Bxa5 Kxg6 48. Kg4 Kf6 49. Kf4 Ke6 50. Ke4 Kd6 51. a4 Kc5 52. Kd3 Be1
53. Bd8 Bc3 54. Bh4 Kd5 55. Bf2 Kc6 56. Kc4 Kb7 57. Bc5 Ka6 58. Bxb4 Bf6 59.
Bc5 Bd8 60. b4 Bc7 61. Kd5 Bg3 62. Kc6 Bc7 63. Be7 Bf4 64. Bf6 Be3 65. Bc3 Ka7
66. b5 Bf4 67. Bd4+ Kb8 68. a5 Ka8 69. b6 Bg3 70. a6 Be5 71. b7+ Kb8 72. a7#
1-0

[Event "Eastern Idaho Open"]
[Site "Pocatello, ID"]
[Date "2019.09.14"]
[Round "2.1"]
[White "Companyo Pagerols, Josep Maria"]
[Black "Owen, Gary"]
[Result "1-0"]
[WhiteElo "2058"]
[BlackElo "1556"]
[EventType "swiss"]
[EventRounds "4"]
[EventCountry "USA"]

1. f4 b6 2. Nf3 Bb7 3. e3 g6 4. Bc4 Bg7 5. O-O Nf6 6. Qe1 O-O 7. Bb3 d6 8. d3
Nbd7 9. e4 e5 10. fxe5 Nxe5 11. Nxe5 dxe5 12. Bg5 Qd6 13. Qh4 Qd4+ 14. Kh1 Nd7
15. Be7 Rfc8 16. Bxf7+ Kh8 17. Bxg6 h6 18. Nc3 Nf8 19. Bf5 Re8 20. Bf6 Qd6 21.
Qxh6+ {#r} 1-0

[Event "Eastern Idaho Open"]
[Site "Pocatello, ID"]
[Date "2019.09.14"]
[Round "1.5"]
[White "Su, Darren"]
[Black "Gentillon, Randy"]
[Result "1-0"]
[WhiteElo "825"]
[BlackElo "1516"]
[EventType "swiss"]
[EventRounds "4"]
[EventCountry "USA"]

1. d4 Nf6 2. c4 e5 3. e3 e4 4. Nc3 Bb4 5. Nge2 Nc6 6. a3 Bxc3+ 7. Nxc3 O-O 8.
f3 exf3 9. Qxf3 d6 10. h3 Re8 11. Bd3 Nxd4 12. Qf4 Nb3 13. Rb1 Nc5 14. Bc2 c6
15. O-O d5 16. Rd1 Ne6 17. Qf1 Ng5 18. cxd5 cxd5 19. Qf4 h6 20. Kh1 Nh5 21.
Qh4 g6 22. e4 Bxh3 23. Bxg5 hxg5 24. Qxh3 Nf4 25. Qf3 Kg7 26. g3 Rh8+ 27. Kg1
Qb6+ 28. Kf1 g4 29. Qxf4 {#r} 1-0

[Event "Eastern Idaho Open"]
[Site "Pocatello, ID"]
[Date "2019.09.14"]
[Round "1.4"]
[White "Owen, Gary"]
[Black "Wang, Leonardo"]
[Result "1-0"]
[WhiteElo "1556"]
[BlackElo "833"]
[EventType "swiss"]
[EventRounds "4"]
[EventCountry "USA"]

1. b3 e5 2. Bb2 d6 3. g3 Ne7 4. Bg2 Nbc6 5. d3 g6 6. Nf3 Bg7 7. O-O O-O 8.
Nbd2 f5 9. e4 f4 10. a3 Bg4 11. h3 Be6 12. Ng5 Bf7 13. Qg4 fxg3 14. fxg3 Qc8
15. Qh4 h6 16. Nxf7 Rxf7 17. Rxf7 Kxf7 18. Rf1+ Kg8 19. b4 Qe6 20. c3 Rf8 21.
Rxf8+ Kxf8 22. c4 Kg8 23. Bf3 Kh7 24. Bg4 Qf7 25. Bd7 h5 26. g4 Bf6 27. g5 Bg7
28. Qf2 Qxf2+ 29. Kxf2 Kg8 30. Be6+ Kf8 31. Nb3 Nd8 32. Bd7 Kf7 33. c5 dxc5
34. Nxc5 c6 35. h4 b6 36. Na6 Nb7 37. Nc7 Nd6 38. Ne6 Bh8 39. Nd8+ Kf8 40.
Nxc6 Nxc6 41. Bxc6 Ke7 42. b5 Ke6 43. Bd5+ Kd7 44. a4 Ke7 45. Ba3 Kd7 46. Bxd6
Kxd6 47. Bf7 Ke7 48. Bxg6 Kf8 49. Bxh5 Kg7 50. Kg3 Kh7 51. Kg4 Bg7 52. Kf5 Kg8
53. Bg6 Bh8 54. h5 Kg7 55. Kxe5 Kf8+ 56. Ke6 Kg7 57. d4 Kf8 58. d5 Bd4 59. d6
Bc5 60. h6 Bxd6 61. Kxd6 a6 62. e5 a5 63. e6 Kg8 64. Bh5 Kf8 65. e7+ Kg8 66.
e8=Q+ Kh7 67. Qf7+ Kh8 68. Qg7# 1-0

[Event "Eastern Idaho Open"]
[Site "Pocatello, ID"]
[Date "2019.09.14"]
[Round "1.3"]
[White "McKenzie, Niall"]
[Black "Derryberry, DeWayne"]
[Result "0-1"]
[WhiteElo "899"]
[BlackElo "1639"]
[EventType "swiss"]
[EventRounds "4"]
[EventCountry "USA"]

1. d4 e6 2. Nf3 f5 3. Bf4 d5 4. Nc3 a6 5. e3 Nf6 6. Bg5 Bd6 7. Bd3 O-O 8. h3
b5 9. a3 c5 10. dxc5 Bxc5 11. O-O Nbd7 12. Re1 Qe8 13. Bxf6 Nxf6 14. Nd4 Ne4
15. Nxe4 fxe4 16. Be2 Ra7 17. b4 Bb6 18. c3 Raf7 19. Rf1 Qe7 20. Qd2 Bc7 21.
f4 exf3 22. Rxf3 Qd6 23. Bf1 Qh2+ 24. Kf2 Bg3+ 25. Ke2 Bd6 26. Kf2 Bb7 27. Qd1
e5 28. Rxf7 Rxf7+ 29. Nf3 e4 30. Qd4 Qg3+ 31. Kg1 exf3 {#R} 0-1

[Event "Eastern Idaho Open"]
[Site "Pocatello, ID"]
[Date "2019.09.14"]
[Round "1.2"]
[White "Morrow, Hans"]
[Black "Belew, Finn"]
[Result "1-0"]
[WhiteElo "1900"]
[BlackElo "1359"]
[EventType "swiss"]
[EventRounds "4"]
[EventCountry "USA"]

1. e4 e6 2. d4 d5 3. Nc3 Ne7 4. a3 g6 5. e5 Bg7 6. f4 O-O 7. Nf3 Nd7 8. Bd3 b6
9. Qe2 c5 10. Qf2 c4 11. Be2 f6 12. h4 fxe5 13. fxe5 Rf7 14. Bg5 h6 15. Bxe7
Qxe7 16. Qg3 Nf8 17. Nb5 Bh8 18. Nd6 Rh7 19. b3 cxb3 20. cxb3 Bd7 21. O-O Rg7
22. Bd3 g5 23. hxg5 hxg5 24. Rac1 g4 25. Nh2 Qg5 26. Rf4 Ng6 27. Bxg6 Rxg6 28.
Rcf1 Bxe5 29. dxe5 Qxe5 30. Rf8+ Rxf8 31. Rxf8+ Kxf8 32. Qxe5 g3 33. Nf3 a6
34. Qd4 Bb5 35. Nxb5 axb5 36. Qxb6 Rf6 37. Qb8+ Kf7 38. Qxg3 Rg6 39. Ne5+ {#r}
1-0

[Event "Eastern Idaho Open"]
[Site "Pocatello, ID"]
[Date "2019.09.14"]
[Round "1.1"]
[White "Ang, Ching-E Nobel"]
[Black "Companyo Pagerols, Josep Maria"]
[Result "0-1"]
[WhiteElo "1377"]
[BlackElo "2058"]
[EventType "swiss"]
[EventRounds "4"]
[EventCountry "USA"]

1. d4 e6 2. c4 f5 3. Nc3 Nf6 4. Nf3 b6 5. e3 Bb7 6. Bd3 Bb4 7. O-O Bxc3 8.
bxc3 O-O 9. a4 a5 10. Ba3 Re8 11. Re1 Ne4 12. Qc2 Qf6 13. Nd2 Qg6 14. Nxe4
fxe4 15. Be2 d6 16. Qd1 Qg5 17. c5 bxc5 18. dxc5 d5 19. Rb1 Bc8 20. f4 Qe7 21.
Bh5 Rd8 22. Qb3 c6 23. Qc2 Nd7 24. Red1 Nxc5 25. c4 Qh4 26. Be2 Nd3 27. Bxd3
exd3 28. Qxd3 Ba6 29. Qc3 Bxc4 30. Rb7 Qf6 31. Bb2 Qxc3 32. Bxc3 g6 33. Rg7+
Kf8 34. Rxh7 Kg8 35. Rg7+ Kf8 36. Rxg6 Re8 37. h4 Rab8 38. h5 Be2 39. Rc1 Bxh5
40. Rh6 Bf7 41. Bxa5 Rbc8 42. Bb4+ Kg7 {The rest of the game is not
recorded.--Jeff Roland.} {#R} 0-1

[Event "Eastern Idaho Open"]
[Site "Pocatello, ID"]
[Date "2015.09.20"]
[Round "5.3"]
[White "Curtis, Brian"]
[Black "Rabadan, Michael"]
[Result "1/2-1/2"]
[WhiteElo "1028"]
[BlackElo "1107"]
[EventRounds "5"]
[EventCountry "USA"]

1. c4 e6 2. g3 Nf6 3. Bg2 d5 4. cxd5 Nxd5 5. Nc3 Nf6 6. d4 Bb4 7. Nf3 O-O 8.
Qd3 Nc6 9. O-O Re8 10. Bf4 Nd5 11. Nxd5 exd5 12. Rac1 Qe7 13. Ne5 Nxe5 14.
dxe5 c6 15. e4 dxe4 16. Bxe4 g6 17. h4 Bg4 18. f3 Bh3 19. Rfd1 Rad8 20. Qe2
Bc5+ 21. Kh2 Rxd1 22. Qxd1 Be6 23. Bg5 Qf8 24. Qd2 Bb6 25. a3 Bd8 26. Bh6 Qe7
27. Bg5 Qc7 28. Bf6 Bxf6 29. exf6 Qe5 30. Qf4 Qxb2+ 31. Rc2 Qxa3 32. h5 Qa1
33. hxg6 hxg6 34. Re2 Bc4 35. Rc2 Bb3 36. Rg2 Qe5 37. Qxe5 Rxe5 38. Rb2 Rb5
39. g4 Bd5 40. Rxb5 cxb5 41. Bxd5 b6 42. Kg2 a5 43. Kf2 g5 44. Ke3 Kh7 45. Bc6
Kg6 46. Bxb5 Kxf6 47. Kd3 Ke5 48. Kc3 f6 49. Kb3 Kf4 50. Bc6 Ke5 51. Ka4 Kf4
52. Be4 Ke3 53. Bf5 Kxf3 54. Be6 Kf4 55. Bf5 Ke3 56. Be6 {#d} 1/2-1/2

[Event "Eastern Idaho Open"]
[Site "Pocatello, ID"]
[Date "2015.09.20"]
[Round "5.2"]
[White "Nathan, Jacob"]
[Black "Owen, Gary"]
[Result "1-0"]
[WhiteElo "1396"]
[BlackElo "1590"]
[EventRounds "5"]
[EventCountry "USA"]

1. e4 e5 2. Nf3 Nf6 3. Nxe5 Qe7 4. d4 d6 5. Nf3 Qxe4+ 6. Be2 Bf5 7. c3 Be7 8.
O-O O-O 9. Nbd2 Qc2 10. Qxc2 Bxc2 11. Nc4 Nc6 12. Ne3 Be4 13. h3 a6 14. Ng5
Bg6 15. Ng4 h6 16. Nxf6+ Bxf6 17. Nf3 Rfe8 18. Re1 d5 19. Bf4 Rac8 20. Nd2 Ne7
21. Bg4 Nf5 22. Rxe8+ Rxe8 23. Bxc7 h5 24. Bf3 Rc8 25. Bb6 Rc6 26. Bc5 Re6 27.
Bxd5 Re2 28. Rd1 b5 29. Kf1 Re8 30. Re1 Rd8 31. Bb7 a5 32. Bc6 b4 33. Re8+
Rxe8 34. Bxe8 bxc3 35. bxc3 Bd8 36. Nc4 Nxd4 37. cxd4 Bd3+ 38. Ke1 Bxc4 39. a4
Bd5 40. g3 g6 41. Ke2 Kg7 42. Bb5 Kf6 43. Ke3 Ke6 44. h4 f5 45. Kf4 Bb3 46.
Be8 Kf6 47. Bd6 Kg7 48. Be5+ Kh6 49. Bc6 Bc4 50. d5 Bb3 51. Bb8 Kg7 52. d6 Be6
53. Bc7 Bxc7 54. dxc7 Bc8 55. Ke5 Kf7 56. Kd6 Kf6 57. Bd7 Ba6 58. Kc5 Ke5 59.
c8=Q Bxc8 60. Bxc8 Ke4 61. Bb7+ Ke5 62. Kb5 Kd6 63. Kb6 {#r} 1-0

[Event "Eastern Idaho Open"]
[Site "Pocatello, ID"]
[Date "2015.09.20"]
[Round "4.3"]
[White "Nathan, Jacob"]
[Black "Curtis, Brian"]
[Result "1-0"]
[WhiteElo "1396"]
[BlackElo "1028"]
[EventRounds "5"]
[EventCountry "USA"]

1. e4 e5 2. Nf3 Nc6 3. d4 exd4 4. Bc4 Qf6 5. O-O d6 6. c3 Bg4 7. Be2 Bxf3 8.
Bxf3 O-O-O 9. g3 Kb8 10. Bg2 h5 11. h4 Qe5 12. Bf4 Qc5 13. Qd2 a5 14. Rd1 Be7
15. cxd4 Qxd4 16. Qxd4 Nxd4 17. Rxd4 Bf6 18. e5 dxe5 19. Rxd8+ Bxd8 20. Bxe5
Bf6 21. Bxf6 Nxf6 22. Nc3 Rd8 23. Rd1 Rd6 24. Rxd6 cxd6 25. Ne4 Nxe4 26. Bxe4
Kc7 27. Kf1 Kb6 28. Ke2 Kc5 29. Bxb7 d5 30. Kd3 d4 31. Bc8 a4 32. Bd7 a3 33.
b3 f6 34. Be8 {#r} 1-0

[Event "Eastern Idaho Open"]
[Site "Pocatello, ID"]
[Date "2015.09.20"]
[Round "4.1"]
[White "Rabadan, Michael"]
[Black "Landon, Lloyd"]
[Result "1-0"]
[WhiteElo "1107"]
[BlackElo "1863"]
[EventRounds "5"]
[EventCountry "USA"]

1. c4 e5 2. Nc3 Nf6 3. g3 d6 4. Bg2 c6 5. Nf3 Be7 6. O-O Be6 7. b3 h6 8. d4 e4
9. Ne1 d5 10. Nc2 O-O 11. f4 exf3 12. Bxf3 dxc4 13. bxc4 Bxc4 14. Re1 Nd5 15.
Nxd5 Bxd5 16. e4 Be6 17. a3 Bb3 18. Bb2 Qc7 19. Qd3 Ba4 20. Nb4 Rd8 21. Qc3 a5
22. d5 Bf6 23. e5 axb4 24. axb4 Bxe5 25. Rxe5 f6 26. Re6 Qf7 27. Rae1 cxd5 28.
Re7 d4 29. Qc7 Na6 30. Qxb7 Qf8 31. Bd5+ Kh8 32. Rf7 Qxb4 33. Qxb4 Nxb4 34.
Bxa8 Rxa8 35. Ree7 Nd5 36. Ra7 Rxa7 37. Rxa7 Bc2 38. Bxd4 Kg8 39. Kf2 Kh7 40.
Kf3 Kg6 41. h3 h5 42. Rd7 Nb4 43. Bc5 Nd3 44. Bd6 Ne5+ 45. Bxe5 fxe5 46. h4
e4+ 47. Kf4 Kh6 48. Rd8 g6 49. Rh8+ Kg7 50. Rc8 Bd3 51. Kg5 e3 52. Rc7+ Kf8
53. Kf6 Ke8 54. Re7+ Kf8 55. Rxe3 {#r} 1-0

[Event "Eastern Idaho Open"]
[Site "Pocatello, ID"]
[Date "2015.09.19"]
[Round "3.3"]
[White "Avila, Joe L"]
[Black "Rabadan, Michael"]
[Result "0-1"]
[WhiteElo "730"]
[BlackElo "1107"]
[EventRounds "5"]
[EventCountry "USA"]

1. g3 d5 2. Bg2 e5 3. e3 Nf6 4. Nf3 Nc6 5. d3 Be7 6. b3 O-O 7. Bb2 Bb4+ 8. Bc3
Bxc3+ 9. Nxc3 d4 10. Ne2 Re8 11. e4 Bd7 12. O-O Qe7 13. a3 h6 14. b4 a6 15.
Nd2 Nh7 16. Re1 f5 17. Nc4 fxe4 18. Bxe4 Ng5 19. Bg2 Qf6 20. Nc1 b5 21. Nd2
Nh3+ 22. Bxh3 Bxh3 23. Qh5 Bf5 24. Ncb3 Rf8 25. Kg2 Bg6 26. Qf3 Qd6 27. Qg4 h5
28. Qg5 Rf5 29. Qh4 Raf8 30. Ne4 Qd5 31. Nbc5 Rxf2+ 32. Kg1 Rxc2 33. Qg5 Kh7
34. Nxa6 Qb3 35. Red1 Bxe4 36. Qxh5+ Kg8 37. Qh3 Bf5 38. g4 Bg6 39. Nc5 Qb2
40. Rf1 Rff2 41. Rfe1 Rg2+ 42. Kh1 Rxh2+ 43. Qxh2 {#R} 0-1

[Event "Eastern Idaho Open"]
[Site "Pocatello, ID"]
[Date "2015.09.19"]
[Round "3.2"]
[White "Curtis, Brian"]
[Black "Owen, Gary"]
[Result "0-1"]
[WhiteElo "1028"]
[BlackElo "1590"]
[EventRounds "5"]
[EventCountry "USA"]

1. e4 e5 2. Bc4 Nf6 3. Nc3 Bc5 4. Nf3 O-O 5. Nxe5 d6 6. Nf3 Nxe4 7. d4 Nxc3 8.
bxc3 Bb6 9. O-O d5 10. Bd3 Nc6 11. Bxh7+ Kxh7 12. Ng5+ Kg8 13. Qh5 Bf5 14. Ba3
Bg6 15. Qh4 Re8 16. Rad1 f6 17. Nf3 Bxc2 18. Rd2 Be4 19. Re1 Bxf3 20. Rxe8+
Qxe8 21. gxf3 Qe1+ 22. Kg2 Qxd2 23. Bb4 Nxb4 24. cxb4 Qxb4 25. a3 Qxd4 {#R}
0-1

[Event "Eastern Idaho Open"]
[Site "Pocatello, ID"]
[Date "2015.09.19"]
[Round "3.1"]
[White "Landon, Lloyd"]
[Black "Nathan, Jacob"]
[Result "1-0"]
[WhiteElo "1863"]
[BlackElo "1396"]
[EventRounds "5"]
[EventCountry "USA"]

1. c4 e5 2. g3 c6 3. Nc3 d5 4. cxd5 cxd5 5. d4 exd4 6. Qxd4 Be6 7. e3 a6 8.
Bg2 Nc6 9. Qa4 g6 10. Nge2 Nge7 11. O-O Bg7 12. a3 O-O 13. Rd1 b5 14. Qc2 Rc8
15. Qd2 Qc7 16. Nxd5 Nxd5 17. Bxd5 Bxd5 18. Qxd5 Rfd8 19. Qb3 Rxd1+ 20. Qxd1
Ne5 21. Nc3 Rd8 22. Qe2 Qc6 23. e4 h6 24. Bd2 Nc4 25. Be1 Nd6 26. Rd1 Re8 27.
f3 f5 28. Qd3 Nc4 29. Qe2 fxe4 30. Nxe4 Bxb2 31. Bf2 Nd6 32. Qxb2 {#r} 1-0

[Event "Eastern Idaho Open"]
[Site "Pocatello, ID"]
[Date "2015.09.19"]
[Round "2.4"]
[White "Simonson, Jay L"]
[Black "Avila, Joe L"]
[Result "0-1"]
[WhiteElo "642"]
[BlackElo "730"]
[EventRounds "5"]
[EventCountry "USA"]

1. e4 b6 2. Bc4 e6 3. d4 Bb7 4. Nc3 d6 5. Nf3 g6 6. Ng5 Bg7 7. Qf3 Qe7 8. O-O
h6 9. Nh3 Bxd4 10. Nb5 Bg7 11. c3 a6 12. Nd4 Nc6 13. e5 Bxe5 14. Nxc6 Qd7 15.
Bd3 Bxc6 16. Be4 d5 17. Bd3 O-O-O 18. Bxa6+ Bb7 19. Qd3 Qa4 20. Bb5 Qa8 21.
Qe3 Bd6 22. Re1 d4 23. Qxd4 e5 24. Qc4 Rf8 25. Qg4+ Kb8 26. Qd7 Nf6 27. Qxd6
cxd6 28. f3 Bxf3 29. Nf2 Bxg2 30. Be3 Ka7 31. Rad1 Rd8 32. a4 Qf3 33. a5 Bh3
34. Nxh3 Qg4+ 35. Kh1 Qxh3 36. Bxb6+ Kb7 37. Bxd8 Rxd8 38. a6+ Ka7 39. Rd3 Qh4
40. Red1 d5 41. c4 Ng4 42. R1d2 Nf2+ 43. Rxf2 Qxf2 44. Rg3 d4 45. c5 Qxb2 46.
Bc4 Qc1+ 47. Bf1 Qxf1+ 48. Rg1 Qxa6 49. Rg2 Rb8 50. Rg1 Qc6+ {#R} 0-1

[Event "Eastern Idaho Open"]
[Site "Pocatello, ID"]
[Date "2015.09.19"]
[Round "2.2"]
[White "Rabadan, Michael"]
[Black "Nathan, Jacob"]
[Result "0-1"]
[WhiteElo "1107"]
[BlackElo "1396"]
[EventRounds "5"]
[EventCountry "USA"]

1. d4 Nf6 2. e3 e6 3. Nf3 c5 4. Be2 d5 5. O-O Bd6 6. c4 Nc6 7. Nc3 a6 8. a4
O-O 9. cxd5 exd5 10. b3 cxd4 11. Nxd4 Nxd4 12. Qxd4 Re8 13. Nxd5 Nxd5 14. Qxd5
Bxh2+ {#R} 0-1

[Event "Eastern Idaho Open"]
[Site "Pocatello, ID"]
[Date "2015.09.19"]
[Round "2.1"]
[White "Owen, Gary"]
[Black "Landon, Lloyd"]
[Result "0-1"]
[WhiteElo "1590"]
[BlackElo "1863"]
[EventRounds "5"]
[EventCountry "USA"]

1. e4 c5 2. Nf3 d6 3. d4 cxd4 4. Nxd4 Nf6 5. Nc3 a6 6. Be2 g6 7. O-O Bg7 8.
Be3 O-O 9. f4 b5 10. a3 Bb7 11. Bf3 Qc7 12. Qe2 Nbd7 13. Rad1 Nc5 14. Bf2 Rfe8
15. Bg3 Rad8 16. e5 Bxf3 17. Qxf3 Nh5 18. Rfe1 Nxg3 19. Qxg3 e6 20. b4 dxe5
21. fxe5 Nd7 22. Ne4 Qxe5 23. Nc6 Qxg3 24. hxg3 Rc8 25. Nd6 Rxc6 26. Nxe8 Bc3
27. Re2 Nb6 28. Rd6 Rxd6 29. Nxd6 Kf8 30. Kf1 Ke7 31. Ne4 Bb2 32. Nc5 Bxa3 33.
Nxa6 Nd5 34. Re4 Kd6 35. c4 bxc4 36. Rxc4 Ne3+ 37. Ke2 Nxc4 38. Kd3 Ne5+ 39.
Kc3 Nd7 40. Kc4 f5 {#R} 0-1

[Event "Eastern Idaho Open"]
[Site "Pocatello, ID"]
[Date "2015.09.19"]
[Round "1.3"]
[White "Nathan, Jacob"]
[Black "Simonson, Jay L"]
[Result "1-0"]
[WhiteElo "1396"]
[BlackElo "642"]
[EventRounds "5"]
[EventCountry "USA"]

1. e4 e5 2. Nf3 Nc6 3. d4 d6 4. Bc4 Nf6 5. Nc3 Bg4 6. d5 Nb4 7. O-O Be7 8. Be2
O-O 9. a3 Bxf3 10. Bxf3 Na6 11. Ne2 Qd7 12. Ng3 g6 13. Bh6 Rfe8 14. Rc1 Nc5
15. Re1 Na4 16. b3 Nc3 17. Qd3 Nb5 18. Ne2 Rad8 19. a4 Nd4 20. Nxd4 exd4 21.
Qxd4 Ng4 22. Qg7# 1-0